1775 1672 1292 1871 1970 1191 1551 1254 1056 1442 1251 1990 1969 1518 1171 1712 1972 1176 1966 1951 1049 1643 1024 1522 1430 1032 1394 1837 1211 1663 1613 1329 1758 1849 1553 1659 1941 1202 1200 1046 1689 1312 1101 1444 1504 1697 1482 1703 1532 1964 1350 1687 1926 1256 1614 1756 1382 1385 1217 1797 1937 1839 1518 1659 1092 1134 1245 1733 1711 1295 1292 1626 1118 1157 1840 1056 1446 1195 1437 1014 1476 1973 1970 1892 1695 1003 1237 1661 1641 1692 1771 1257 1645 1181 1305 1612 1343 1502 1291 BCNSPRNW ULIB Ver.6.0+V

เปลี่ยนเป็นภาษาไทย

Change to English
 แสดงรายละเอียดบรรณานุกรม
  กลับหน้าหลัก

Brief Record : Get Marc (ISO 2709) : E-mail record : QR code < ปิดหน้าต่าง
LEADER : 00000nam 2200000uu 4500
001    13399108503
003     ULIB
008    110306s2553||||th 000 0 tha d
020    9786165070317(ล.4)
060  4 WS103^bM111พ 2553 ล.4
100 0  สดุดี พิมล
245 00 พัฒนาการวัยเตาะแตะ 4(ช่วงวัย 13-36เดือน)การดูแลสุขภาพของลูกน้อย^cแปลและเรียบเรียงโดย สดุดี พิมล
250    พิมพ์ครั้งที่ 1
260    กรุงเทพฯ^bสำนักพิมพ์หมอชาวบ้าน^c2553
300    312 หน้า
650  7 เด็กก่อนวัยเข้าเรียน
650  7 พัฒนาการเด็ก
700 0  สดุดี พิมล,^eแปลและเรียบเรียง
945    ^p250^l0^i18033
945    ^p250^l0^i18034
995    เกษร
999    ^aใช้งานได้ทุกระบบ
รายการนี้ยังไม่มีแท็ก
คุณยังไม่ได้ล็อกอิน คุณสามารถมีกิจกรรมร่วมกับเว็บไซต์ได้ แต่ต้องล็อกอินก่อน ::
  ล็อกอิน

รายการสื่อสารสนเทศ

ลำดับที่ ประเภท เลขเรียก/บาร์โค้ด สถานที่ สถานะ
1. วิทยาศาสตร์การแพทย์ และสุขภาพ
วิทยาศาสตร์การแพทย์ และสุขภาพ
WS103 M111พ 2553 ล.4 ฉ.1 
  Barcode: 18033
ห้องสมุดวิทยาเขตนครสวรรค์
►ส่วนจัดเก็บหนังสือเก่า นว.
บนชั้น
  ขอยืม
2. วิทยาศาสตร์การแพทย์ และสุขภาพ
วิทยาศาสตร์การแพทย์ และสุขภาพ
WS103 M111พ 2553 ล.4 ฉ.2 
  Barcode: 18034
ห้องสมุดวิทยาเขตนครสวรรค์
►ส่วนจัดเก็บหนังสือเก่า นว.
บนชั้น
  ขอยืม

รายการใกล้เคียง
    ผู้แต่ง [สดุดี พิมล]

    หัวเรื่อง [เด็กก่อนวัยเข้าเรียน]
    หัวเรื่อง [พัฒนาการเด็ก]

BibComment


ยังไม่เคยถูกคอมเมนท์

คอมเมนท์ทรัพยากรรายการนี้
  คอมเมนท์: พัฒนาการวัยเตาะแต..


 Copyright 2026. Bcnsprnw @Library